1814 1329 1946 1930 1194 1341 1038 1410 1894 1364 1166 1405 1895 1346 1287 1974 1210 1468 1297 2000 1431 1708 1648 1476 1083 1462 1542 1001 1544 1653 1786 1933 1930 1153 1799 1717 1493 1700 1543 1682 1015 1876 1011 1994 1224 1387 1273 1006 1721 1429 1313 1750 1571 1947 1625 1740 1773 1198 1492 1339 1839 1726 1046 1314 1893 1287 1889 1010 1486 1573 1585 1753 1928 1142 1143 1134 1208 1093 1592 1021 1149 1690 1345 1496 1657 1944 1381 1601 1647 1727 1224 1773 1721 1687 1272 1797 1017 1459 1187 BCNSPRNW ULIB Ver.6.0+V

เปลี่ยนเป็นภาษาไทย

Change to English
 แสดงรายละเอียดบรรณานุกรม
  กลับหน้าหลัก

Brief Record : Get Marc (ISO 2709) : E-mail record : QR code < ปิดหน้าต่าง
LEADER : 00000nam 2200000uu 4500
001    13399122927
003     ULIB
008    131101s2551||||th 000 0 tha d
020    ^a9789741628346
050  4 ^aAC158^bค961ว 2551
100 1  ^aโดกีซอง
245 10 ^aวิทยาศาสตร์ฉลาดรู้ เรื่อง จรวดและดาวเทียม /^cโดกีซอง,เรื่องและภาพ ; สถิตชลาลัย, แปล
250    ^aพิมพ์ครั้งที่ 3
260    ^aกรุงเทพฯ :^bอัมรินทร์คอมมิกส์,^c2551
300    ^a193 หน้า :^bภาพประกอบ ;^c21 ซม.
440  0 ^aชุดวิทยาศาสตร์ฉลาดรู้ ;^vลำดับที่ 8
650  7 ^aการ์ตูน
650  7 ^aจรวด^xวรรณกรรมสำหรับเด็ก
650  7 ^aวรรณกรรมเกาหลี
650  7 ^aวรรณกรรมสำหรับเด็ก
650  7 ^aดาเทียม^xวรรณกรรมสำหรับเด็ก
700 0  ^aสถิตชลาลัย,^eผู้แปล
945    ^p199^l0^i15235
995    ^aทศพร
999    ^aทศพร เกษรทอง
รายการนี้ยังไม่มีแท็ก
คุณยังไม่ได้ล็อกอิน คุณสามารถมีกิจกรรมร่วมกับเว็บไซต์ได้ แต่ต้องล็อกอินก่อน ::
  ล็อกอิน

รายการสื่อสารสนเทศ

ลำดับที่ ประเภท เลขเรียก/บาร์โค้ด สถานที่ สถานะ
1. การศึกษาทั่วไป
การศึกษาทั่วไป
AC158 ค961ว 2551 ฉ.1 
  Barcode: 15235
ห้องสมุดวิทยาเขตนครสวรรค์
►หนังสือทั่วไป:l:General Books
ถูกยืม กำหนดส่งวันที่ 12 กุมภาพันธ์ 2566
  จอง

รายการใกล้เคียง
    ผู้แต่ง [โดกีซอง]

    หัวเรื่อง [การ์ตูน]
    หัวเรื่อง [วรรณกรรมเกาหลี]
    หัวเรื่อง [วรรณกรรมสำหรับเด็ก]

BibComment


ยังไม่เคยถูกคอมเมนท์

คอมเมนท์ทรัพยากรรายการนี้
  คอมเมนท์: วิทยาศาสตร์ฉลาดร..


 Copyright 2026. Bcnsprnw @Library